=LDR 00000nam 2200000 4500 =001 001035 =005 20250712032552 =035 ##$$a 0010-0725000914 =007 ta =008 250712################a##########0#ind## =020 ##$$a 978-623-472-676-3 =082 ##$$a 398.209 598 =084 ##$$a 398.209 598 YUN k =100 #$$a yuni Anisah =245 1#$$a kumi yang terbang di langit /$c yuni Anisah =250 ##$$a Pertama =260 ##$$a Jakarta :$b Badan pengembangan dan pembinaan bahasa,$c 2022 =300 ##$$a 12 HLM. : $b ilus. ; $c 22,9 cm =650 #4$$a Cerita anak Indonesia terjemahan =650 #4$$a Literasi bahan bacaan =990 ##$$a TBM202401002